000
00411nam a2200145Ia 4500
008
100122s9999 xx 000 0 und d
082
_b
32853
_a
821
100
_a
ढसाळ नामदेव
245
_a
गोलपीठा
260
_b
अनिरुध्द पुनर्वसु
_c
1972
300
_a
88
630
_a
गोलपीठा
730
_a
गोलपीठा
942
_c
BOOK
999
_c
417173
_d
417170